01108nab a22002057a 4500999001500000003000400015005001700019008004100036040000700077100003100084245008500115260007200200300001300272500003900285505030700324505008900631650002600720773014300746942001300889 c5966d5966OSt20260114141122.0190605e xxu||||| |||| 00| 0 spa d cPJ 96803aMonsalvo, Manuel R. 13aApuntes acerca de los efectos temporales de la ley 27.742 /cManuel R. Monsalvo. aCiudad Autónoma de Buenos Aires :bThomson Reuters La Ley,c2024. ap. 72-80 aCita: TR LALEY AR/DOC/2627/2024.  aSumario: I. En clave de cambio.— II. La transición reglamentaria que plantea la ley 27.742.— III. Las fases del desarrollo.— IV. Los dirimentes de aplicación.— V. La retroactividad de la nueva norma. Sus límites.— VI. Repertorio de Criterios Resolutivos.— VII. Cierre de los apuntes.  t¿Te interesa el texto completo? Solicitalo al correo: koha@justierradelfuego.gov.ar 091316aDERECHO LABORAL0 0271193168dCiudad Autónoma de Buenos Aires : Thomson Reuters La Ley, 1999-2002.tRevista de derecho del trabajo. Nº 6 - Noviembre 2024 2udccANA